LEADER 01508nam a2200337 u 4500 001 000000048723 003 CaOOAMICUS 005 20070226115030.0 008 000525s2000 it u000 u ita u 020 $a8831519336 035 $a10848533 040 $aIPA$bita 041 1 $aita$hgrc 100 0 $aEusebius Caesariensis,$cvesc.,$dc. 260/265-339/340.$0(OLS)http://pul/name/4567 240 10$aDemonstratio Evangelica.$lItaliano.$0(OLS)http://pul/title/65662 245 10$aDimostrazione evangelica /$cEusebio di Cesarea ; introduzione, traduzione e note di Paolo Carrara. 260 $aMilano :$bPaoline,$c2000. 300 $a874 p. ;$c20 cm 490 1 $aLetture cristiane del primo millennio ;$v29 500 $aIncludes bibliographical references (p. 107-114) and indexes. 650 0$aApologetics$xHistory$yEarly church, ca. 30-600.$2//eng$0(OLS)http://pul/subject/1080 700 1 $aCarrara, Paolo.$0(OLS)http://pul/name/8838 830 0$aLetture cristiane del primo millennio ;$v29.$0(OLS)http://pul/title/1545 850 $aPUL 852 $aPUL$W1$xSL Religione 1$y3$m21 F 61$j64851$nBK-PRI$b $qStampati$B64851$CPULBib$Z2$F64851 $H $81 900 $aEusebio di Cesarea,$cvesc. di Cesarea,$dc. 265-c. 340$94567 941 1 $a8 961 $aINV: 82172 996 $6020$a8831519336$9(OLS)http://pul/number/61400 996 $6245$aDimostrazione evangelica$9(OLS)http://pul/title/65663 996 $6260$aMilano :$bPaoline$9(OLS)http://pul/publisher/60808 LEADER 01770nam a2200361 a 4500 001 000000125977 003 CaOOAMICUS 005 20110713101840.0 008 110713s2010 it u000 u ita r 020 $a978-88-343-2029-7 040 $aPUL$bita 041 1 $aita$hfre 100 1 $aCourcelle, Pierre Paul,$d1912-1980.$0(OLS)http://pul/name/6777 240 10$aConnais-toi toi meme : de Socrate à Saint Bernard.$lItaliano.$0(OLS)http://pul/title/87844 245 10$aConosci te stesso :$bda Socrate a San Bernardo /$cPierre Courcelle ; presentazione di Giovanni Reale ; introduzione e traduzione di Francesca Filippi. 250 $a2. ed. 260 $aMilano :$bVita e pensiero,$c2010. 300 $aXXIV, 679 p. ;$c22 cm 490 1 $aTemi metafisici e problemi del pensiero antico. Studi e testi ;$v120 500 $aInclude indici. 504 $aComprende bibliografia p. 613-642. 650 4$aFilosofia$xStoria$ySec. V a. C.-XII d. C.$0(OLS)http://pul/subject/38160 650 4$aGnoseologia$ySec. V a. C.-XII d. C.$0(OLS)http://pul/subject/38161 700 1 $aFilippi, Francesca.$0(OLS)http://pul/name/44369 700 1 $aReale, Giovanni,$d1931-2014.$0(OLS)http://pul/name/667 830 0$aTemi metafisici e problemi del pensiero antico.$pStudi e testi ;$v120.$0(OLS)http://pul/title/98294 850 $aPUL 852 $aPUL$W1$xSL Filosofia 2$y80$mPhil A10b 120$j145157$qStampati Altre Collocazioni$q $B144155$CPULBib$Z2$F144155 $H117431 $81 941 1 $a10 996 $6020$a978-88-343-2029-7$9(OLS)http://pul/number/147732 996 $6245$aConosci te stesso :$bda Socrate a San Bernardo$9(OLS)http://pul/title/87845 996 $6260$aMilano :$bVita e pensiero$9(OLS)http://pul/publisher/48016